| 000 -CABECERA |
| fixed length control field |
00877nam a22001937a 4500 |
| 003 - IDENTIFICADOR DEL NÚMERO DE CONTROL |
| control field |
AR-CdUCM |
| 008 - DATOS DE LONGITUD FIJA--INFORMACIÓN GENERAL |
| fixed length control field |
190502b ||||| |||| 00| 0 esp d |
| 040 ## - FUENTE DE LA CATALOGACIÓN |
| Agencia/entidad que catalogó originalmente la obra |
MUNICIPALIDAD PROVINCIAL DEL CUSCO |
| Entidad que transcribió la catalogación |
BIBLIOTECA MUNICIPAL DEL CUSCO |
| 082 ## - NÚMERO DE LA CLASIFICACIÓN DECIMAL DEWEY |
| No. de Clasificación |
320.1 / |
| Notacion interna |
UM48 |
| 100 ## - ENTRADA PRINCIPAL--NOMBRE DE PERSONA |
| Nombre Personal |
Greef, Guillaume Joseph de, |
| 245 ## - MENCIÓN DE TÍTULO |
| Título |
La evolución de las creencias y de las doctrinas políticas / |
| Mención de responsabilidad |
Guillermo de Greef ; versión española de la última edición francesa por Pedro Umbert |
| 260 ## - PUBLICACIÓN, DISTRIBUCIÓN, ETC. |
| Lugar de publicación, distribución, etc. |
Barcelona : |
| Nombre de la editorial, distribuidor, etc. |
Imprenta de Henrich y C, |
| Fecha de publicación, distribución, etc. |
1904. |
| 300 ## - DESCRIPCIÓN FÍSICA |
| Nº de Páginas Extensión |
167 páginas ; |
| Dimensiones |
16 cm. |
| 505 ## - NOTA DE CONTENIDO CON FORMATO |
| Nota de contenido formateada |
El Perú antiguo -- Mexico Antiguo -- El Egipto -- El territorio y la población -- La prehistoria -- Los egipcios -- La evolución histórica -- El reino de Etiopía . |
| 650 ## - PUNTO DE ACCESO ADICIONAL DE MATERIA--TÉRMINO DE MATERIA |
| Descriptor |
Sociología |
| 9 (RLIN) |
276 |
| 700 ## - PUNTO DE ACCESO ADICIONAL--NOMBRE DE PERSONA |
| Nombre Personal |
Pedro Umbert |
| 9 (RLIN) |
35553 |
| 942 ## - ELEMENTOS DE PUNTO DE ACCESO ADICIONAL (KOHA) |
| Fuente de clasificación |
|
| Tipo de item |
Libros-BMC |
| 945 ## - PROCESAMIENTO DE INFORMACIÓN LOCAL (OCLC) |
| Catalogador |
acrt |
| AAAA-MM-DD - Fecha de ingreso o modificacion |
2019-05-02 |